An evaluation of policy related research on the effectiveness of pretrial release programs

Guardado en:  
Detalles Bibliográficos
Autor principal: Mahoney, Barry (Adaptador)
Tipo de documento: Print Libro
Lenguaje:Inglés
Publicado: Denver, Co. National Center for State Courts 19XX-
En:Año: 1975
Disponibilidad en Tübingen:Disponible en Tübingen.
UB: KB 6 A 878
Verificar disponibilidad: HBZ Gateway
Servicio de pedido Subito: Pedir ahora.
Volúmenes / Artículos:Mostrar volumes / artículos.

MARC

LEADER 00000cam a22000002ca4500
001 1094406627
003 DE-627
005 20220514141603.0
007 tu
008 910606n19uuuuuuxx ||||| 00| ||eng c
035 |a (DE-627)1094406627 
035 |a (DE-576)024406627 
035 |a (DE-599)BSZ024406627 
040 |a DE-627  |b ger  |c DE-627  |e rakwb 
041 |a eng 
190 |j 1975 
245 0 3 |a An evaluation of policy related research on the effectiveness of pretrial release programs  |c Barry Mahoney proj. dir. 
264 1 |a Denver, Co.  |b National Center for State Courts  |c 19XX- 
336 |a Text  |b txt  |2 rdacontent 
337 |a ohne Hilfsmittel zu benutzen  |b n  |2 rdamedia 
338 |a Band  |b nc  |2 rdacarrier 
490 0 |a National Center for State Courts Publication  |v ... 
700 1 |a Mahoney, Barry  |e Bearb.  |4 adp 
951 |a MC 
ELC |b 1 
LOK |0 000 xxxxxcx a22 zn 4500 
LOK |0 001 2165630533 
LOK |0 003 DE-627 
LOK |0 004 1094406627 
LOK |0 005 20020606000000 
LOK |0 008 910606||||||||||||||||ger||||||| 
LOK |0 040   |a DE-21  |c DE-627  |d DE-21 
LOK |0 852   |a DE-21 
LOK |0 852 1  |c KB 6 A 878  |9 00 
LOK |0 935   |a krim 
LOK |0 936ln  |a k5.3 
LOK |0 939   |a 06-06-91  |b l01 
ORI |a SA-MARC-krimdoka001.raw 
SIG |a UB: KB 6 A 878 
SPR |a 1  |t KRI